书目信息 |
| 题名: |
化学实验室手册
|
|
| 作者: | 夏玉宇 主编 | |
| 分册: | ||
| 出版信息: | 北京 化学工业出版社 2015 |
|
| 页数: | 927页 | |
| 开本: | 26cm | |
| 丛书名: | ||
| 单 册: | ||
| 中图分类: | O6-31 , O6-62 | |
| 科图分类: | ||
| 主题词: | 化学实验--hua xue shi yan--实验室--手册 | |
| 电子资源: | ||
| ISBN: | 978-7-122-23006-5 | |
| 000 | 01462nam0 2200301 450 | |
| 001 | 012001001022 | |
| 005 | 20191108090146.76 | |
| 010 | @a978-7-122-23006-5@dCNY248.00 | |
| 099 | @aCAL 012015081751 | |
| 100 | @a20150527d2015 em y0chiy50 ea | |
| 101 | 0 | @achi |
| 102 | @aCN@b110000 | |
| 105 | @aak a 000yy | |
| 106 | @ar | |
| 200 | 1 | @a化学实验室手册@Ahua xue shi yan shi shou ce@d= Handbook of chemical laboratory@f夏玉宇主编@zeng |
| 205 | @a第3版 | |
| 210 | @a北京@c化学工业出版社@d2015 | |
| 215 | @a927页@c图@d26cm | |
| 320 | @a有书目 (第926-927页) | |
| 330 | @a本书包括七章:第一章汇集了大量、必需,最新、常用的理化常数与特性。第二章介绍了化学实验室的仪器、设备、试剂、安全与管理方面的内容。第三章介绍了法定计量单位与非法定计量单位,以及各种计量单位间的换算。第四章提供了酸、碱、盐溶液、饱和溶液、特殊试剂溶液、指示剂溶液、缓冲溶液等的配制方法及注意事项等。第五章叙述了有关误差、有效数字、数据表达、数据处理、实验方法可靠性的检验等内容。第六章介绍理化常数及物质量的测定方法。第七章分离和富集方法。 | |
| 333 | @a本书是化工、环保、食品、冶金、石油、地质、农林、材料、医药等行业的化学(理化)实验室及其工作人员必备的工具书。同时也是与化学有关的师生及科研人员的必备用书。 | |
| 510 | 1 | @aHandbook of chemical laboratory@zeng |
| 606 | 0 | @a化学实验@Ahua xue shi yan@x实验室@j手册 |
| 690 | @aO6-31@v5 | |
| 690 | @aO6-62@v5 | |
| 701 | 0 | @a夏玉宇@Axia yu yu@4主编 |
| 801 | 0 | @aCN@b北京卓展文化@c20191020 |
| 905 | @b1197376-7@dO6-31@e943=3@f2 | |
| 化学实验室手册= Handbook of chemical laboratory/夏玉宇主编.-第3版.-北京:化学工业出版社,2015 |
| 927页:图;26cm |
| 使用对象:本书是化工、环保、食品、冶金、石油、地质、农林、材料、医药等行业的化学(理化)实验室及其工作人员必备的工具书。同时也是与化学有关的师生及科研人员的必备用书。 |
| ISBN 978-7-122-23006-5:CNY248.00 |
| 本书包括七章:第一章汇集了大量、必需,最新、常用的理化常数与特性。第二章介绍了化学实验室的仪器、设备、试剂、安全与管理方面的内容。第三章介绍了法定计量单位与非法定计量单位,以及各种计量单位间的换算。第四章提供了酸、碱、盐溶液、饱和溶液、特殊试剂溶液、指示剂溶液、缓冲溶液等的配制方法及注意事项等。第五章叙述了有关误差、有效数字、数据表达、数据处理、实验方法可靠性的检验等内容。第六章介绍理化常数及物质量的测定方法。第七章分离和富集方法。 |
| ● |
| 相关链接 |
|
|
|
|
正题名:化学实验室手册
索取号:O6-31/943=3
 
预约/预借
| 序号 | 登录号 | 条形码 | 馆藏地/架位号 | 状态 | 备注 |
| 1 | 1197376 | 211973765 | 第二样本阅览室/ [索取号:O6-31/943=3] | 在馆 | |
| 2 | 1197377 | 211973774 | 第三借阅区/ [索取号:O6-31/943=3] | 在馆 |